Delivering quality in public works- Central Public Works Department perspective (Record no. 502573)

000 -LEADER
fixed length control field 00524cam a22001337a 4500
008 - FIXED-LENGTH DATA ELEMENTS--GENERAL INFORMATION
fixed length control field 180718b2012 xxu||||| |||| 00| 0 eng d
082 ## - DEWEY DECIMAL CLASSIFICATION NUMBER
Classification number APPPA 2011-12/GAJ
100 ## - MAIN ENTRY--PERSONAL NAME
Personal name Gajendra Kumar
245 ## - TITLE STATEMENT
Title Delivering quality in public works- Central Public Works Department perspective
Statement of responsibility, etc. by Gajendra Kumar
260 ## - PUBLICATION, DISTRIBUTION, ETC.
Place of publication, distribution, etc. New Delhi
Name of publisher, distributor, etc. Indian Institute of Public Administration
Date of publication, distribution, etc. 2012
300 ## - PHYSICAL DESCRIPTION
Extent 112p.
500 ## - GENERAL NOTE
General note An APPPA M. Phil dissertation, 2011-12 (Guide: Dr. Kusum Lata)
650 ## - SUBJECT ADDED ENTRY--TOPICAL TERM
Topical term or geographic name entry element India (Republic) Central Public Works Dept
Holdings
Withdrawn status Lost status Damaged status Not for loan Permanent Location Current Location Date acquired Full call number Barcode Date last seen Price effective from Koha item type
        Indian Institute of Public Administration Indian Institute of Public Administration 2018-08-04 APPPA 2011-12/GAJ GR18766 2018-08-04 2018-08-04 GR

Powered by Koha